Nom de famille des personnages TVDU - Statistiques

Statistiques générales
  • Ce quiz a été pris 274 fois
  • Le résultat moyen est 18 sur 52
Statistiques - réponses
Hint Réponse % Correct
Elena, Jeremy, John (TVD) Gilbert
100%
Stefan, Damon, Sarah (TVD) Salvatore
100%
Caroline, Liz, Bill (TVD) Forbes
95%
Matt, Vicki, Kelly (TVD) Donovan
94%
Tyler, Carol, Mason (tVD) Lockwood
91%
Bonnie, Qetsiyah, Sheila (TVD) Bennett
88%
Elijah, Klaus, Rebekah (TO) Mikaelson
88%
Katherine (TVD) Pierce
87%
Tatia, Nadia,Katerina (TVD) Petrova
84%
Alaric, Lizzie, Josie (TVD) Saltzman
79%
Kai, Liv, Luke (TVD) Parker
66%
Hayley (TO) Marshall
63%
Enzo (TVD) St John
62%
Logan, Meredith (TVD) Fell
45%
Jenna (TVD) Sommers
45%
April (TVD) Young
45%
Davina (TO) Claire
42%
Lexi (TVD) Branson
39%
Camille, Sean, Kieran (TO) O'Connell
36%
Marcel (TO) Gerard
33%
Jo (TVD) Laughlin
30%
Andie (TVD) Star
30%
Valérie (TVD) Tulle
28%
Isobel (TVD) Flemming
26%
Anna, Pearl (TVD) Zhu
26%
Rayna (TVD) Cruz
24%
Aurora, Tristan (TO) De Martel
24%
Vincent (TO) Griffith
23%
Nora (TVD) Hildegard
21%
Monique, Sophie (TO) Deveraux
20%
Inadu, Andrea (TO) Labonair
20%
Luka (TVD) Martin
19%
Lucien (TO) Castle
18%
Landon (Legacies) Kirby
14%
Jackson (TO) Kenner
13%
Wes (TVD) Maxfield
13%
Eva (TO) Sinclair
13%
Connor (TVD) Jordan
12%
Ryan (Legacies) Clark
9%
Penelope (Legacies) Park
9%
Josh (TO) Rosza
9%
Celeste (TO) Dubois
8%
Dorian (Legacies) Williams
8%
Milton "MG" (Legacies) Greasley
7%
Antoinette (TO) Sienna
6%
Liam (TVD) Davis
5%
Keelin (TO) Malraux
5%
Rafael (Legacies) Waithe
5%
Aya (TO) Al-Rashid
3%
Cleo (Legacies) Sowande
3%
Finch (Legacies) Tarrayo
3%
Sofya (TO) Voronova
3%
Aucun quiz correspondant
Distribution des résultats
% des personnes avec chaque résultat
Percentile par nombre de réponses
Votre historique - résultats
Vous n’avez pas pris ce quiz